Patrician in politics : Daniel Dewey Barnard of New York /

Bibliographic Details
Main Author: Penney, Sherry
Format: Book
Language:English
Published: Port Washington, N.Y. : Kennikat Press, 1974.
Series:National university publications
Subjects:

MARC

Tag First Indicator Second Indicator Subfields
LEADER 00000cam a2200000 i 4500
001 in00000665997
005 20151015093026.0
008 741104s1974 nyua b 00110beng
010 |a  74077652  
020 |a 0804690677 
035 |a (OCoLC)01104405 
035 |9 ACY7431AM 
040 |a DLC  |c DLC  |d TXA  |d UtOrBLW 
049 |a TXAM  |c [950117] 
050 0 0 |a E415.9.B19  |b P46 
082 0 |a 328.73/092/4  |a B 
100 1 |a Penney, Sherry. 
245 1 0 |a Patrician in politics :  |b Daniel Dewey Barnard of New York /  |c Sherry Penney. 
264 1 |a Port Washington, N.Y. :  |b Kennikat Press,  |c 1974. 
300 |a xv, 206 pages :  |b illustrations ;  |c 23 cm. 
336 |a text  |b txt  |2 rdacontent 
337 |a unmediated  |b n  |2 rdamedia 
338 |a volume  |b nc  |2 rdacarrier 
490 0 |a National university publications 
500 |a Includes index. 
504 |a Bibliography: pages 183-201. 
600 1 0 |a Barnard, Daniel D.  |q (Daniel Dewey),  |d 1797-1861. 
999 |a MARS 
999 f f |s e2ec2d16-31a2-3807-ad30-e9d13050984b  |i f7350e7e-bd6c-3c16-acf3-5aca4eed802f  |t 0 
952 f f |p ric  |a Texas A&M University  |b Rellis Campus  |c Joint Library Facility  |d Remote Storage  |t 0  |e E415.9.B19 P46  |h Library of Congress classification  |i unmediated -- volume  |m A14802217642 
998 f f |a E415.9.B19 P46  |t 0  |l Remote Storage